000 00916nam a2200265 i 4500
003 OSt
005 20260530113918.0
008 260508b1991 mx a|||| |||| 00| 0 spa d
040 _aICI
_bspa
_cICI
_erda
041 _aspa
050 _a709.73
_b2 23
100 _aBelkin, Arnold.
_eautor
_934339
245 _aArnold Belkin.
250 _a1a edición.
336 _2rdacontent
_atexto
337 _2rdamedia
_asin medio
338 _2rdacarrier
_avolumen
500 _aMonografía dedicada a la obra del pintor Arnold Belkin.
520 _aEstudio sobre la vida y obra de Arnold Belkin, destacando su contribución al muralismo y al arte contemporáneo mexicano.
600 _aBelkin, Arnold
_xCrítica e interpretación.
_934340
650 _aMuralismo
_vEstudios
_zMéxico
_934341
650 _aPintores mexicanos
_vBiografías.
_934342
650 _aArte contemporáneo
_zMéxico.
_934343
942 _2lcc
_cBK
_n1
999 _c12356
_d12356